| 000 | 00383 a2200109 4500 | ||
|---|---|---|---|
| 001 | ART_45075 | ||
| 005 | 20260410162038.0 | ||
| 008 | 260409a | ||
| 245 | 1 | 0 | _aEconomía, desocupación y pobreza en Catamarca y Tucumán (1980-2002) |
| 100 | 1 | _aOsatinsky, Ariel | |
| 773 | 0 |
_tRevista de estudios regionales y mercado de trabajo _g- N° 3 (ene./dic. 2007) _wREV44894 |
|
| 999 |
_c34645 _d34645 |
||